00322pab a2200121 454500008004000000100001800040245007000058260000900128300001000137362001400147650002800161773001100189180718b1990 xxu||||| |||| 00| 0 eng d aGhoshal, M.K. aFood processingbThrust area for exprot and foreign collaboration c1990 a11-12 a1-15 Oct. aFood Industry And Trade aYojana